Altkemnitz i. R. früher und jetzt

Titel: Altkemnitz i. R. früher und jetzt : eine Zusammenstellung aller erreichbaren Überlieferungen aus der Geschichte unserer Heimat mit einer Beschreibung der Bewohner und ihrer Tätigkeit bis zur Vertreibung und einer Schilderung, wie es 1956 dort aussah ; mit einer Kartenskizze des ganzen Dorfes / von Bruno Clemens
Beteiligt:
Veröffentlicht: Brake (Lippe), 1958
Umfang: 40 S. : Ill., Kt.
Format: Buch
Sprache: Deutsch
Kein Bild verfügbar
X
Lokale Klassifikation: 14 8 A 112
alg: 18120743
001A    $03004:21-09-06 
001B    $01999:22-11-16 $t00:20:44.000 
001C    $03004:21-09-06 $t08:04:45.000 
001D    $03004:21-09-06 
001U    $0utf8 
001X    $00 
002@    $0Aau 
003@    $0181207435 
003O    $0180030430 $aOCoLC 
007A    $0181207435 $aHEB 
007T    $0Herdhh181207435 
010@    $ager 
011@    $a1958 
021A    $aAltkemnitz i. R. früher und jetzt $deine Zusammenstellung aller erreichbaren Überlieferungen aus der Geschichte unserer Heimat mit einer Beschreibung der Bewohner und ihrer Tätigkeit bis zur Vertreibung und einer Schilderung, wie es 1956 dort aussah ; mit einer Kartenskizze des ganzen Dorfes $hvon Bruno Clemens 
028C    $BBearb. $7 $8Clemens, Bruno [Tnu] $9181207427 
033A    $pBrake (Lippe) 
034D    $a40 S. 
034M    $aIll., Kt. 

lok: 18120743 24
101B    $011-10-06 $t11:00:39.000 
101C    $011-10-06 
145Z/01 $a14 8 A 112 
101U    $0utf8 

exp: 18120743 24 1 #EPN
201B/01 $011-10-06 $t11:00:39.000 
201C/01 $021-09-06 
203@/01 $0458484555 
208@/01 $a11-10-06 $bz 
209A/01 $aS 21169 $du $f050 $hS 21169 $x00 
209C/01 $a06.4225 K $h06 4225 K 
209G/01 $a71551245 $x00 
220C/01 $agro 
247C/01 $8358050-7 Marburg, Bibliothek des Herder-Instituts Marburg $9102600961 
201U/01 $0utf8 

lok: 18120743 78

exp: 18120743 78 1 #EPN
201B/01 $019-04-17 $t20:26:56.000 
201U/01 $0utf8 
203@/01 $0792924444 
208@/01 $a12-11-16 $be 
209A/01 $a/ $f000 $x00 
237A/01 $aweiterführende Signatur(en): Herder-Institut: S 21169 
247C/01 $82080>Marburg/Lahn, Herder-Institut, Forschungsbibliothek, Bibliographieportal $9336309341
LEADER 00000cam a2200000 c 4500
001 181207435
003 DE-603
005 20161122002044.0
007 tu
008 060921s1958 xx |||| | u00||u|ger c
035 |a (DE-599)HEB181207435 
035 |a (OCoLC)180030430 
040 |a DE-603  |b ger  |c DE-603  |d DE-603 
041 |a ger 
245 0 0 |a Altkemnitz i. R. früher und jetzt  |b eine Zusammenstellung aller erreichbaren Überlieferungen aus der Geschichte unserer Heimat mit einer Beschreibung der Bewohner und ihrer Tätigkeit bis zur Vertreibung und einer Schilderung, wie es 1956 dort aussah ; mit einer Kartenskizze des ganzen Dorfes  |c von Bruno Clemens 
264 1 |a Brake (Lippe)  |c 1958 
300 |a 40 S.  |b Ill., Kt. 
700 1 |a Clemens, Bruno  |e Bearb.  |4 edt  |0 (DE-603)181207427 
924 0 |9 Mb 50  |a (DE-603)458484555  |b DE-Mb50  |c HES  |d c  |g S 21169 
924 0 |9 2080  |a (DE-603)792924444  |b DE-2080  |c HES  |d d  |g /